00524nam a2200169Ia 450000500170000000800410001708200130005810000180007124500620008926000340015130000190018565000120020465000190021694200060023595200980024199900150033920241120041603.0240331s9999 xx 000 0 und d bSIVa894 aSivathamby, K 0aLiterary history in Tamil :ba historiographical analysis aIndiabTamil Universityc1986 aVIII, 200 P ., aHistory aTamil Literary cL 001040708LaWERCLbWERCLcSSCd2024-03-31l0o 894.811 SIVp560r2024-03-31w2024-03-31yL c3386d3386